Statistics for Fifteen (TV) - Taylor Swift (All Lyrics)

Click here to take the quiz!

General Stats

  • This quiz has been taken 65 times
  • The average score is 351 of 403

Answer Stats

Lyrics% Correct
a
100%
And
100%
and
100%
fifteen,
100%
fifteen
100%
I
100%
so
100%
the
100%
at
98%
At
98%
be
98%
'Cause
98%
do
98%
go
98%
to
98%
To
98%
when
98%
When
98%
"You
98%
You
98%
you
98%
gonna
95%
hi
95%
in
95%
In
95%
love
95%
of
95%
say
95%
your
95%
Your
95%
You're
95%
you're
95%
believe
93%
boy
93%
it
93%
know
93%
know,
93%
on
93%
some
93%
somebody
93%
tell
93%
tells
93%
them
93%
then
93%
then,
93%
they
93%
walk
93%
who
93%
boys
90%
friends
90%
It's
90%
one
90%
senior
90%
doors
88%
first
88%
haven't
88%
seen
88%
through
88%
we
88%
will
88%
wink
88%
year
88%
Abigail
86%
around
86%
around,
86%
day
86%
football
86%
For
86%
freshman
86%
girl
86%
La
86%
la,
86%
la
86%
like
86%
next
86%
out
86%
team
86%
those
86%
very
86%
while
86%
before
83%
before"
83%
best
83%
breath,
83%
breath
83%
date
83%
deep
83%
feelin'
83%
four
83%
here
83%
life
83%
named
83%
soon
83%
Take
83%
take
83%
as
81%
can
81%
class
81%
Datin'
81%
didn't
81%
enough,
81%
got
81%
head
81%
redhead
81%
sit
81%
than
81%
think
81%
This
81%
this
81%
was
81%
way
81%
years
81%
car
79%
everybody's
79%
flyin'
79%
greater
79%
had
79%
mornin'
79%
night
79%
other
79%
spin
79%
things
79%
town
79%
you'll
79%
cool
76%
ends
76%
figure
76%
girls
76%
he's
76%
is
76%
kiss
76%
Makes
76%
nothin'
76%
she
76%
stay
76%
thinkin'
76%
Try
76%
well
76%
Well,
76%
We'll
76%
everything
74%
gave
74%
his
74%
Hopin'
74%
'round
74%
there's
74%
up
74%
both
71%
changed
71%
cried
71%
dancin'
71%
room
71%
ain't
69%
all
69%
don't
69%
look
69%
outta
69%
him
67%
they're
67%
waitin'
67%
wanted
67%
what
67%
bigger
64%
But
64%
fall
64%
marry
64%
now
64%
time
64%
yourself
64%
Back
62%
back
62%
count
62%
dreams
62%
mine
62%
someday
62%
supposed
62%
ten,
62%
Wish
62%
anything
60%
could
60%
heal
60%
just
60%
mama's
60%
realized
60%
swore
60%
find
57%
forget
57%
might
57%
most
57%
found
55%
I've
52%
somebody
40%
Laughin'
38%
mind
38%

Score Distribution

Percentile by Number Answered

Percent of People with Each Score

Your Score History

You have not taken this quiz